Úloha audítora pri fúziách a akvizíciách

Definícia podnikovej kombinácie z pohľadu slovenskej legislatívy a v zmysle IAS 22. Fúzia obchodnej spoločnosti. Zlúčenie podnikov. Zánik obchodných spoločností pri fúziách. Audítor a jeho funkcia pri fúzii a akvizícii.

Saved in:
Bibliographic Details
Main Author: Škultéty, Jozef
Format: Book Chapter
Language:Slovak
Subjects:
Tags: Add Tag
No Tags, Be the first to tag this record!

MARC

LEADER 00000naa a2200000 4500
001 r043419
005 20231002073935.1
041 0 |a slo 
044 |a SK 
245 1 0 |a Úloha audítora pri fúziách a akvizíciách  |c Jozef Škultéty 
520 |a Definícia podnikovej kombinácie z pohľadu slovenskej legislatívy a v zmysle IAS 22. Fúzia obchodnej spoločnosti. Zlúčenie podnikov. Zánik obchodných spoločností pri fúziách. Audítor a jeho funkcia pri fúzii a akvizícii. 
610 2 0 |a audítori 
610 2 0 |a fúzie 
610 2 0 |a akvizícia 
610 2 0 |a podnik 
610 2 0 |a spoločnosti obchodné 
610 2 0 |a legislatíva 
610 2 0 |a Slovensko 
610 2 0 |a IAS 22 
100 1 |a Škultéty, Jozef